EL PERFIL DE MEXICO EN 1980/

Furkejuvvon:
Bibliográfalaš dieđut
Eará dahkkit: Martínez Ríos, Jorge (autor) (autor)
Materiálatiipa: Girji
Preanttus:7a edición
Fáttát:
Fáddágilkorat: Lasit fáddágilkoriid
Eai fáddágilkorat, Lasit vuosttaš fáddágilkora!

MARC

LEADER 00000nam^a2200000^a^4500
001 000224773
005 20250521000000.0
009 20260310104102.182
020 |a 968-23-0025-8 
035 |a 000045 
037 |a Acervo Xavier Clavigero 
082 |a 330. 972  |b PER V. 3 
245 1 3 |a EL PERFIL DE MEXICO EN 1980/  |c JORGE MARTINEZ RIOS ...[ ET. AL.] 
250 |a 7a edición 
264 |a MEXICO :  |b SIGLO XXI,  |c 1980 
300 |a V.- 
336 |a texto  |b txt  |2 rdacontenido 
337 |a sin mediación  |b n  |2 rdamedio 
338 |a volumen  |b nc  |2 rdasoporte 
649 |a XX 
650 |a México -  |x Condiciones Económicas 
650 |a México -  |x Condiciones Sociales y Culturales 
650 |a Política -  |z México 
700 |a Martínez Ríos, Jorge  |e (autor) 
910 |a Fondo General 
920 |a Impresos - Libros 
930 |a Colección General 
905 |a 101 
901 |a 000045  |b IT1  |c ACC  |i 000045  |u 20250521 
902 |a https://opac.biblio.iteso.mx/vufind/Record/000224773